| 000 | 00650nam a22002295i 4500 | ||
|---|---|---|---|
| 999 |
_c12919 _d12919 |
||
| 001 | 19342693 | ||
| 003 | MAJU-Karachi | ||
| 005 | 20210105124958.0 | ||
| 008 | 161020s2017 cau 000 0 eng | ||
| 010 | _a 2016957429 | ||
| 020 | _a9781337094641 | ||
| 040 |
_aDLC _beng _erda _cDLC |
||
| 042 | _apcc | ||
| 100 | 1 | _aBrannon, Linda. | |
| 245 | 1 | 0 |
_aHealth psychology : _ban introduction to behavior and health / _cLinda Brannon, Jess Feist, John A. Updegraff. |
| 250 | _a9th edition. | ||
| 263 | _a1701 | ||
| 300 | _apages cm | ||
| 906 |
_a0 _bibc _corignew _d2 _eepcn _f20 _gy-gencatlg |
||
| 942 |
_2ddc _cPSYCHOLOGY |
||